| 000 | 00878cam a22002054a 4500 | ||
|---|---|---|---|
| 005 | 20250605164025.0 | ||
| 008 | 250528s ||||||||||||||||||||||||d | ||
| 035 | _a16500 | ||
| 020 | _a947990011 | ||
| 040 |
_aGR-AtMCL _bgre _dGR-AtMCL _eAACR2 |
||
| 245 | 1 | _aOutdoor Feasts | |
| 250 | _a1st | ||
| 260 |
_bWi Books, _c1992 |
||
| 300 | _a96 | ||
| 520 | _aThis book provides imaginative ideas for open-air meals and portable food, ranging from a packed lunch for a sporting event to an elaborate barbeque party. Introduction, Barbecues, Cooking with Skewers, Cooking on the Spit, Foil Parcels, Vegetable Accompaniments, Patio Parties, Using a Fondue Set; Bonfire Food, Fondues, Cakes, Drinks, Portable Food, Portable Menus; Sailing Food, Cakes and Puddings, Drinks, Super Sandwiches. | ||
| 700 | 1 |
_aNorwak Mary _92595 |
|
| 942 | _cBK | ||
| 999 |
_c1994 _d1994 |
||